The Indian ideology: (Record no. 96337)

MARC details
000 -LEADER
fixed length control field 00958nam a22002417a 4500
005 - DATE AND TIME OF LATEST TRANSACTION
control field 20241024140720.0
010 ## - LCCN (DPL NO)
LC control number 1516EN07 ENG-142384
020 ## - INTERNATIONAL STANDARD BOOK NUMBER
International Standard Book Number 9788178244839
Terms of availability 395.00
020 ## - INTERNATIONAL STANDARD BOOK NUMBER
International Standard Book Number 9788178244839
Terms of availability 495.00
035 ## - SYSTEM CONTROL NUMBER
System control number B-664957
035 ## - SYSTEM CONTROL NUMBER
System control number EN-125916
037 ## - SOURCE OF ACQUISITION
Source of stock number/acquisition Uppal/Ven
Stock number DPL
100 ## - MAIN ENTRY--PERSONAL NAME
Personal name Chatterjee, Partha
245 ## - TITLE STATEMENT
Title The Indian ideology:
Remainder of title three responses to Perry Anderson/
Statement of responsibility, etc by Partha Chatterjee, Sudipta Kaviraj [and] Nivedita Menon
260 ## - PUBLICATION, DISTRIBUTION, ETC. (IMPRINT)
Place of publication, distribution, etc Cantt
Name of publisher, distributor, etc Permanent Black
Date of publication, distribution, etc 2015
270 ## - ADDRESS
Address Himalyana Mall Road ,Ranikhet Cantt,
City Ranikhet
Postal code 263645
300 ## - PHYSICAL DESCRIPTION
Extent 171p.
Dimensions 23cm(pbk)
500 ## - GENERAL NOTE
General note Includes bibliographical references
700 ## - ADDED ENTRY--PERSONAL NAME
Personal name Supita Kaviraj
9 (RLIN) 73374
700 ## - ADDED ENTRY--PERSONAL NAME
Personal name Menon,Nivedita
9 (RLIN) 73375
942 ## - ADDED ENTRY ELEMENTS (KOHA)
Source of classification or shelving scheme Dewey Decimal Classification
Item type English Books
Classification part 954.04
Call number suffix CHA
Holdings
Withdrawn status Lost status Not for loan Collection code Home library Current library Date acquired Source of acquisition Cost, normal purchase price Full call number Barcode Copy number Cost, replacement price Koha item type
      Non-fiction Ashok Vihar Ashok Vihar 05/03/2018 Uppal/14147/27.2.2017/EN/AV/16-17/408/15.2.2017/7.3.2017 395.00 954.04 CHA B-664957 1 395.00 English Books
    Not For Loan Non-fiction D.B.Act.Division D.B.Act.Division 24/10/2024 Delivery of Books Act Division 495.00 954.04 CHA EN-125916 1 495.00 English Books

© Delhi Public Library
Hit Counter
free hit counter